000 01016nam a2200277 i 4500
003 DO-SdBNP
005 20260303073322.0
007 ta
008 260116b2025 dr a|||| |||| 00| 0 spa d
020 _a9789945292749
040 _aDO-SdBNP
_bspa
_cBNPHU
_erda
041 _aspa
082 4 _axxx
_bF363f
_222
100 _aFernández Ángeles, Aurora,
_eautor
_4aut.
_988878
245 1 0 _aFormación moral, ética, cívica y urbanidad :
_bclásico escolar de todos los tiempos /
_cAurora Fernández Ángeles ; corrección de estilo, Carlos Álvarez Guzmán
250 _aPrimera edición
264 1 _aSanto Domingo, República Dominicana :
_bEditado y publicado por Group, S.R.L.,
_c2025.
300 _a122 páginas :
_bilustraciones ;
_c21 cm.
336 _atexto
_btxt
_2rdacontent
337 _asin mediación
_bn
_2rdamedia
338 _avolumen
_bnc
_2rdacarrier
590 _aInventariado, 2026/BT
700 1 _aÁlvarez Guzmán, Carlos,
_ecorrector
_4corr.
_988879
910 _aBtavárez
942 _2ddc
_cLBS1
999 _c60111
_d60111